Fiesta Mayor de la Villa de Caldas de Montbuy : días del 7 al 16 de Octubre de 1944 días del 7 al 16 de Octubre de 1944
Publicado:
Caldas de Montbuy :
Delegación Local de Educación Popular de F.E.T. y de las J.O.N.S ,
1944
Descripción Física:
[18] p. ; 13 cm
MARC
| LEADER | 00000nam a2200000Ia 4500 | ||
|---|---|---|---|
| 001 | 21887 | ||
| 008 | 160829s1944 xx 000 0 cat d | ||
| 080 | |a FU-45-67 | ||
| 245 | |a Fiesta Mayor de la Villa de Caldas de Montbuy : |b días del 7 al 16 de Octubre de 1944 | ||
| 260 | |a Caldas de Montbuy : |b Delegación Local de Educación Popular de F.E.T. y de las J.O.N.S., |c 1944 | ||
| 300 | |a [18] p. ; |c 13 cm | ||
| 590 | |a A la coberta: Programa oficial de la Fiesta Mayor. Dedicado al Exmo. Presidente de la Diputación Provincial Sr. Luís Argemí. | ||
| 590 | |a Prové de 4593, exp. 143 | ||
| 650 | |a Festes majors |x Programes |x Caldes de Montbui |9 47969 | ||
| 856 | 4 | |u https://media.diba.cat/diba/fitxers/arxiu/fulletons/bib_21887_baixa.pdf |y Accés lliure | |
| 856 | 4 | |u https://media.diba.cat/diba/fitxers/arxiu/fulletons/bib_21887_baixa.pdf |y Accés lliure | |
| 901 | |a Arxiu | ||
| 942 | |n 1 |2 udc | ||
| 952 | |0 0 |1 0 |4 0 |6 FU4567 |7 1 |9 54243 |a Arxiu |b Arxiu |d 2016-12-01 |l 0 |o FU-45-67 |p 21887 |r 2016-12-01 00:00:00 |w 2016-12-01 |y ARXIU | ||
| 999 | |c 58112 |d 58112 | ||
| 900 | |a bib_21887_baixa.pdf | ||